| 000 | 01855cam a22002054a 4500 | ||
|---|---|---|---|
| 005 | 20250605163413.0 | ||
| 008 | 250528s ||||||||||||||||||||||||d | ||
| 035 | _a18441 | ||
| 040 |
_aGR-AtMCL _bgre _dGR-AtMCL _eAACR2 |
||
| 245 | 1 |
_aΜαθήματα Χρηματοοικονομικής Λογιστικής. _nΤεύχος Α': Γ' 'Εκδοση Βελτιωμένη |
|
| 250 | _a3η | ||
| 260 |
_bΑθήνα, _c1988 |
||
| 300 | _a352 | ||
| 505 | 0 | _aΠρόλογος, Εισαγωγή, Ανασκόπηση Εισαγωγικών Λογιστικών Εννοιών, Θεωρητικό Πλαίσιο Χρηματοοικονομικής Λογιστικής, Κύκλος Λογιστικών Διαδικασιών, Αποθέματα, Στοιχεία Πάγιου Ενεργητικού, Βραχυπρόθεσμες Απαιτήσεις, Λογαριασμοί Συναλλάγματος, Λογιστικά Συστήματα, Λογιστικές Εφαρμογές, Παραρτήματα, Κατ' επιλογή Βιβλιογραφία, Αλφαβητικό Ευρετήριο. | |
| 520 | _aΠρόλογος, Εισαγωγή, Ανασκόπηση Εισαγωγικών Λογιστικών Εννοιών, Θεωρητικό Πλαίσιο Χρηματοοικονομικής Λογιστικής, Κύκλος Λογιστικών Διαδικασιών, Αποθέματα, Στοιχεία Πάγιου Ενεργητικού, Βραχυπρόθεσμες Απαιτήσεις, Λογαριασμοί Συναλλάγματος, Λογιστικά Συστήματα, Λογιστικές Εφαρμογές, Παραρτήματα, Κατ' επιλογή Βιβλιογραφία, Αλφαβητικό Ευρετήριο. | ||
| 700 | 1 | _aΝαούμ Χρήστος Βασ | |
| 942 | _cBK | ||
| 999 |
_c3802 _d3802 |
||